| 000 | 00542nam a2200157 i 4500 | ||
|---|---|---|---|
| 001 | 134964 | ||
| 003 | ES-MaACL | ||
| 005 | 20230906194759.0 | ||
| 007 | t| | ||
| 008 | 070704s1901 sp ||||1| spa d | ||
| 100 | 1 |
_aThous Moncho, Alberto J. de. _9110166 |
|
| 245 | 1 | 0 |
_aBadajoz a través de la história patria _b: breve noticia historica de esta capital y su provincia / _cAlberto J. de Thous Moncho. |
| 260 |
_aBadajoz : _b[s.n.], _c1901 ( _fEstab. tip. la Minerva extremeña) |
||
| 300 |
_a338 p. ; _c28 cm. |
||
| 852 |
_aES-MaACL _jF-726 |
||
| 999 |
_c134964 _d134964 |
||